Power electronics: converters, applications and design

Saved in:
Bibliografiske detaljer
Main Authors: Mohan, Ned (autor), Undeland, Tore M (Author), Robbins, William P (Author)
Format: Bog
Sprog:engelsk
Udgivet: Hoboken John Wiley and Sons 2003
Udgivelse:3a. ed
Fag:
Tags: Tilføj Tag
Ingen Tags, Vær først til at tagge denne postø!

MARC

LEADER 00000nam a2200000 a 4500
001 UCK1320
003 CL-VaPUC
008 041112e20030000us |||||||||||||||||eng|d
020 |a 0471226939 
082 0 4 |a 621.38152  |b MOH  |2 21 
100 |a Mohan, Ned  |e autor  |9 557404 
700 0 |a Undeland, Tore M  |e author  |9 489072 
700 0 |a Robbins, William P  |e author  |9 489073 
245 1 0 |a Power electronics: converters, applications and design 
250 |a 3a. ed 
300 |a 802 p 
942 |c BK 
945 |d 20041112 00:00:00  |a vberengu 
260 |a Hoboken  |b John Wiley and Sons  |c 2003 
500 |a Incluye cd 
650 0 |a Electrónica   |9 263192 
650 0 |a Semiconductores  |9 260250 
650 0 |a Circuitos electrónicos  |9 260204 
583 |a last modification  |c 20171116 02:29:58  |k Rodrigo Vera 
999 |c 311296  |d 311294 
952 |0 0  |1 0  |4 0  |6 621_381520000000000_MOH_2003  |7 0  |8 A  |9 380650  |a BIBING  |b BIBING  |d 2019-11-21  |i 407775K  |l 1  |o 621.38152 MOH 2003  |p 407775K  |r 2025-01-20  |s 2024-08-22  |w 2019-11-21  |y BK  |k EIE